000 nam a22 a 4500
999 _c3249
_d3249
005 20170522093925.0
008 170522s1983 xxu ||b 001 ||eng d
020 _a0135480655
040 _aAKMAL
082 _a658.4 ROB
090 _a658.4
_bROB
100 _aRobbins, Stephen P.
_d1943-
_95921
245 _aManagement :
_bconcepts and practices /
_cStephen P. Robbins.
260 _a Englewood Cliffs, N.J. :
_b Prentice-Hall,
_c1984.
300 _ccm
852 _aBritish Library
_bDSC
942 _2ddc
_cBOOK